Computer Origination and Programming (Record no. 20188)

MARC details
000 -LEADER
fixed length control field 00331nam a22001337a 4500
008 - FIXED-LENGTH DATA ELEMENTS--GENERAL INFORMATION
fixed length control field 230921b |||||||| |||| 00| 0 eng d
082 ## - DEWEY DECIMAL CLASSIFICATION NUMBER
Classification number 105.32
100 ## - MAIN ENTRY--AUTHOR NAME
Personal name C.W. Gear
245 ## - TITLE STATEMENT
Title Computer Origination and Programming
Statement of responsibility, etc C.W. Gear
260 ## - PUBLICATION, DISTRIBUTION, ETC. (IMPRINT)
Place of publication New Delhi
Name of publisher TMH
Year of publication 1980
650 ## - SUBJECT ADDED ENTRY--TOPICAL TERM
Topical Term BB CSE
796 ## - LOCAL ADDED ENTRY--PERSONAL NAME (RLIN)
Personal name C.W. Gear
942 ## - ADDED ENTRY ELEMENTS (KOHA)
Source of classification or shelving scheme Dewey Decimal Classification
Koha item type Books
Holdings
Accession Number Source of acquisition Price effective from Koha item type Withdrawn / writtenoff status Damaged status Not for loan Permanent Location Current Location Shelving location Date acquired Lost/ Missing status department
BB 1249 Donated 09/21/2023 Books       MIET Library, Jammu MIET Library, Jammu BL-Academic Block B, FL-2, CUP-194, SH6, R-6 09/21/2023   BB